000 00239nam a22001097a 4500
999 _c260878
_d260877
020 _a9781419740800
100 _aShannon Doleski
245 _aMary Underwater
260 _aNew York
_bAmulet Books
_c2020
300 _a219 pgs
942 _cBK